00484 2200181 4500001002100000005001500021008004100036020001800077035001900095041000700114082001400121090002000135100002800155245004900183250001000232260003300242300002700275INLIS00000000000058920241224112210241224||||||||| | ||| |||| || |  a979-3421-97-5 0010-1224000589 aid0 aREF.332.1 aREF.332.1 TIM u0 aIndonesia.Pemerintah RI00aUndang-undang Lembaga Penjamin Simpanan 2004 aCet.1 aJakartabsinar grafikac2005 aviii, 78 hlm.; 20,5 cm